| 000 -LEADER |
| fixed length control field |
00789nam a22002537a 4500 |
| 003 - CONTROL NUMBER IDENTIFIER |
| control field |
OSt |
| 005 - DATE AND TIME OF LATEST TRANSACTION |
| control field |
20210420070611.0 |
| 008 - FIXED-LENGTH DATA ELEMENTS--GENERAL INFORMATION |
| fixed length control field |
201127s2010 ||||| |||| 00| 0 eng d |
| 020 ## - INTERNATIONAL STANDARD BOOK NUMBER |
| International Standard Book Number |
9781450719247 |
| 040 ## - CATALOGING SOURCE |
| Original cataloging agency |
eng |
| Language of cataloging |
eng |
| Transcribing agency |
DLC |
| 041 ## - LANGUAGE CODE |
| Language code of text/sound track or separate title |
eng |
| 080 ## - UNIVERSAL DECIMAL CLASSIFICATION NUMBER |
| Universal Decimal Classification number |
61 (09) |
| Item number |
H-37 |
| 100 ## - MAIN ENTRY--PERSONAL NAME |
| 9 (RLIN) |
434 |
| Personal name |
Hauk, S. Gary |
| 245 ## - TITLE STATEMENT |
| Title |
Where Courageous Inquiry Leads |
| Remainder of title |
: The Emerging Life of Emory University |
| Statement of responsibility, etc. |
/ by: Emory University |
| 260 ## - PUBLICATION, DISTRIBUTION, ETC. |
| Place of publication, distribution, etc. |
Atlanta |
| Name of publisher, distributor, etc. |
Emory University |
| Date of publication, distribution, etc. |
2010 |
| 300 ## - PHYSICAL DESCRIPTION |
| Extent |
528 p. |
| Other physical details |
ill. |
| 365 ## - TRADE PRICE |
| Price amount |
36.95 usd |
| 650 #0 - SUBJECT ADDED ENTRY--TOPICAL TERM |
| 9 (RLIN) |
335 |
| Topical term or geographic name entry element |
History of Medicine |
| 650 #0 - SUBJECT ADDED ENTRY--TOPICAL TERM |
| 9 (RLIN) |
431 |
| Topical term or geographic name entry element |
Emory University |
| 653 ## - INDEX TERM--UNCONTROLLED |
| Uncontrolled term |
მედიცინის ისტორია |
| 653 ## - INDEX TERM--UNCONTROLLED |
| Uncontrolled term |
ემორის უნივერსიტეტი |
| 700 ## - ADDED ENTRY--PERSONAL NAME |
| 9 (RLIN) |
435 |
| Personal name |
King, Wolff Sally |
| 942 ## - ADDED ENTRY ELEMENTS (KOHA) |
| Source of classification or shelving scheme |
|
| Koha item type |
Books |